• 首页
  • 本馆介绍
  • 公告通知
  • 最新文献
  • 馆藏检索
  • 电子资源
  • 读者导购
  • 参考咨询
  • 我的图书馆
  • 登录
  • 详细信息显示
  • 放入我的书架
  • 预约/预借图书
  • 作者相关作品
  • 分类相关作品
  • 丛书相关作品
  • 出版社相关作品

书目信息

  • 表格格式
  • 工作单格式
  • 卡片格式
书名: Principles of marketing
作者: Thomas C. Kinnear, Kenneth L. Bernhardt.
分册号:
分册名:
出版地: Glenview, Ill. :
 
出版社: Scott, Foresman/Little, Brown Higher Education
出版时间: 1995.
页数: 808 p. :
开本: 26 cm.
丛书名: Scott, Foresman series in marketing
中图分类号:
科图分类号:
其他分类号: F731
主题词:
电子资源:
000 01060cam a2200301 a 450
001 E0740765452
005 20070510112448.40
008 890914s1995 a b 001 0 eng
010    @a89027719
020    @a0673385655 :@c$32.00.
035    @A(DLC) 89027719
040    @aDLC@cDLC@dDLC
050 00 @aHF5415@b.K5227 1990
082 00 @a658.8@2 20
090    @aF731
099    @dF731@ex66=4
100 1  @aKinnear, Thomas C.,@d1943-
245 10 @aPrinciples of marketing / @cThomas C. Kinnear, Kenneth L. Bernhardt.
250    @a4th ed.
260    @aGlenview, Ill. :@bScott, Foresman/Little, Brown Higher Education,@c1995.
300    @a808 p. :@bcol. ill. ;@c26 cm.
440  0 @aScott, Foresman series in marketing
504    @aIncludes bibliographical references.
650  0 @aMarketing.
700 1  @aBernhardt, Kenneth L.,@d1944-
906    @a7@bcbc@corignew@d1@eocip@f19@gy-gencatlg
955    @apc05 to br00 09-14-89; br27 to SCD 09-15-89; fe06 09-18-89; fp04 09-22-89
991    @bc-GenColl@hHF5415@i.K5227 1990@p00014112467@tCopy 1@wBOOKS
    
    Principles of marketing / / Thomas C. Kinnear, Kenneth L. Bernhardt.-4th ed.-Glenview, Ill. : : Scott, Foresman/Little, Brown Higher Education, , 1995.
    808 p. : : col. ill. ; ; 26 cm.- (Scott, Foresman series in marketing )
    Includes bibliographical references.
    
    ISBN 0673385655 :$32.00.
    
●
相关链接 在E读中查询图书 在五车中查询图书 在当当中查询图书 在豆瓣中查询图书


正题名:Principles of marketing     索取号:F731/x66=4         预约/预借

序号 登录号 条形码 馆藏地/架位号 状态 备注
1 8007   300080070   第二样本阅览室/ [索取号:F731/x66=4] 在馆    
2 8008   300080089   密集书库/ [索取号:F731/x66=4] 在馆    
3 8009   300080098   密集书库/ [索取号:F731/x66=4] 在馆    
4 8010   300080105   第四借阅区/ [索取号:F731/x66=4] 在馆    
5 8011   300080114   密集书库/ [索取号:F731/x66=4] 在馆    
6 8012   300080123   密集书库/ [索取号:F731/x66=4] 在馆    
7 8013   300080132   第四借阅区/ [索取号:F731/x66=4] 在馆    
8 8014   300080141   密集书库/ [索取号:F731/x66=4] 在馆    
9 8015   300080150   密集书库/ [索取号:F731/x66=4] 在馆    
10 8016   300080169   密集书库/ [索取号:F731/x66=4] 在馆    
唐山师范学院图书馆 欢迎您!
大连网信软件有限公司© 版权所有